Cold in LA - Why Don't We (All Lyrics) - Statistics

General Stats
  • This quiz has been taken 25 times
  • The average score is 300 of 418
Answer Stats
Answer % Correct
a
100%
'Cause
100%
'cause
100%
('Cause
100%
'Cause
100%
I
100%
in
100%
me
100%
that
100%
the
100%
time
100%
you
100%
your
100%
can
92%
it
92%
Just
92%
just
92%
on
92%
tell
92%
at
85%
be
85%
cold
85%
do
85%
Do
85%
don't
85%
Don't
85%
ever
85%
every
85%
Every
85%
I'm
85%
know
85%
LA
85%
my
85%
right
85%
stay
85%
(Stay
85%
way
85%
way)
85%
you're
85%
You're
85%
(You're
85%
behind
77%
bit
77%
fine
77%
(Fine)
77%
fine)
77%
it's
77%
leave
77%
little
77%
place
77%
place)
77%
to
77%
To
77%
And
69%
by
69%
looking
69%
shy
69%
then
69%
we
69%
what
69%
away
62%
day
62%
feeling
62%
if
62%
night
62%
see
62%
so
62%
turned
62%
walk
62%
Why
62%
with
62%
alright
54%
Are
54%
can't
54%
good
54%
Is
54%
Never
54%
never
54%
operate
54%
same
54%
say
54%
sometimes
54%
started
54%
thought
54%
wanna
54%
want
54%
Yeah
54%
you'll
54%
You'll
54%
body
46%
brain
46%
closer
46%
face
46%
going
46%
inside
46%
of
46%
really
46%
seems
46%
something
46%
what's
46%
would
46%
Am
38%
but
38%
But
38%
come
38%
here
38%
often
38%
one
38%
talking
38%
thing
38%
yet
38%
Yet
38%
all
31%
bad
31%
came
31%
each
31%
either
31%
game
31%
hold
31%
new
31%
other
31%
staring
31%
things
31%
this
31%
we're
31%
beautiful
23%
(Oh
23%
oh
23%
oh)
23%
Oh
23%
only
23%
something's
23%
wondering
23%
now
15%
seen
15%
sort
15%
wish
8%
you'd
8%
No matching quizzes found
Score Distribution
Percent of People with Each Score
Percentile by Number Answered
Your Score History
You have not taken this quiz